Пропуск в контексте

Практико-ориентированные задачи по высшей математике учебное пособие

Изложены основы курса высшей математики (дифференциально-интегральное исчисление, дифференциальные уравнения) и приложения к решению практико-ориентированных задач. Приведены соответствующие алгоритмы и методические указания. Представлен обширный задачный материал для самостоятельного решения обучаю...

Fuld beskrivelse

Сохранить в:
Bibliografiske detaljer
Hovedforfatter: Нахман А. Д.
Andre forfattere: Протасов Д. Н., Пчелинцев А. Н.
Format: Книга
Sprog:Russian
Udgivet: Тамбов ТГТУ 2021
Online adgang:https://e.lanbook.com/book/320525
https://e.lanbook.com/img/cover/book/320525.jpg
Tags: Tilføj Tag
Ingen Tags, Vær først til at tagge denne postø!
LEADER 01848nam0a2200301 i 4500
001 320525
003 RuSpLAN
005 20240216150941.0
008 240216s2021 ru gs 000 0 rus
020 |a 978-5-8265-2372-8 
040 |a RuSpLAN 
041 0 |a rus 
044 |a ru 
080 |a 517.91 
084 |a 22.161  |2 rubbk 
245 0 0 |a Практико-ориентированные задачи по высшей математике  |b учебное пособие  |c Нахман А. Д.,Протасов Д. Н.,Пчелинцев А. Н. 
260 |a Тамбов  |b ТГТУ  |c 2021 
300 |a 84 с. 
504 |a Библиогр.: доступна в карточке книги, на сайте ЭБС Лань 
520 8 |a Изложены основы курса высшей математики (дифференциально-интегральное исчисление, дифференциальные уравнения) и приложения к решению практико-ориентированных задач. Приведены соответствующие алгоритмы и методические указания. Представлен обширный задачный материал для самостоятельного решения обучающимися. Предназначено для студентов инженерных и экономических направлений подготовки. 
521 8 |a Книга из коллекции ТГТУ - Математика 
521 8 |a СЭБ 
100 1 |a Нахман А. Д. 
700 1 |a Протасов Д. Н. 
700 1 |a Пчелинцев А. Н. 
856 4 |u https://e.lanbook.com/book/320525 
856 4 8 |u https://e.lanbook.com/img/cover/book/320525.jpg 
953 |a https://e.lanbook.com/img/cover/book/320525.jpg 
Cannot write session to /tmp/vufind_sessions/sess_brbhed7oqjgdlun6cf4hjmjmpb